ARRUPE JESUIT UNIVERSITY

CORONAVIRUS -STOP THE SPREAD - CLEAN,DISINFECT,COVER

The past is another country: (Record no. 14535)

MARC details
000 -LEADER
fixed length control field 00695nam a2200253Ia 4500
003 - CONTROL NUMBER IDENTIFIER
control field 0100
005 - DATE AND TIME OF LATEST TRANSACTION
control field 20180309091558.0
008 - FIXED-LENGTH DATA ELEMENTS--GENERAL INFORMATION
fixed length control field 130303s9999 xx 000 0 und d
020 ## - INTERNATIONAL STANDARD BOOK NUMBER
International Standard Book Number 330262688
040 ## - CATALOGING SOURCE
Transcribing agency ARRUPELIB
050 ## - LIBRARY OF CONGRESS CALL NUMBER
Classification number DT962.75.M471980
100 ## - MAIN ENTRY--PERSONAL NAME
Personal name Meredith, Martin
9 (RLIN) 26407
245 #4 - TITLE STATEMENT
Title The past is another country:
Remainder of title Rhodesia, UDI to Zimbabwe /
250 ## - EDITION STATEMENT
Edition statement Rev.
260 ## - PUBLICATION, DISTRIBUTION, ETC. (IMPRINT)
Place of publication, distribution, etc London
Name of publisher, distributor, etc Pan
Date of publication, distribution, etc 1980
300 ## - PHYSICAL DESCRIPTION
Extent 429p. 18cm
650 ## - SUBJECT ADDED ENTRY--TOPICAL TERM
Topical term or geographic name as entry element National liberation movements
Geographic subdivision Zimbabwe
9 (RLIN) 14781
650 ## - SUBJECT ADDED ENTRY--TOPICAL TERM
Topical term or geographic name as entry element Zimbabwe
General subdivision Politics
Chronological subdivision 1965-1980
9 (RLIN) 26452
650 ## - SUBJECT ADDED ENTRY--TOPICAL TERM
Topical term or geographic name as entry element Zimbabwe
General subdivision History
9 (RLIN) 26453
Chronological subdivision To 1980
700 ## - ADDED ENTRY--PERSONAL NAME
Personal name Martin Meredith
9 (RLIN) 26408
942 ## - ADDED ENTRY ELEMENTS (KOHA)
Source of classification or shelving scheme Library of Congress Classification
Koha item type Monograph ( Printed materials)
Holdings
Withdrawn status Lost status Source of classification or shelving scheme Damaged status Not for loan Collection code Home library Current library Date acquired Total Checkouts Full call number Barcode Date last seen Date checked out Copy number Price effective from Koha item type Shelving location
    Library of Congress Classification     Main Collection ARRUPE LIBRARY ARRUPE LIBRARY 04/03/2013 3 DT962.75.M471980 46003094992 27/05/2020 23/03/2020 1 04/03/2013 Monograph ( Printed materials)  
    Library of Congress Classification     SPECIAL Collection ARRUPE LIBRARY ARRUPE LIBRARY 29/01/2014   SPC DT962.75.M471980 46412188 29/01/2014   2 29/01/2014 REFERENCE Main Collection
    Library of Congress Classification     Main Collection ARRUPE LIBRARY ARRUPE LIBRARY 04/10/2016   DT962.75.M471980 46500010648 07/12/2017   3 04/10/2016 Monograph ( Printed materials) Main Collection

 

Arrupe Library. PO Box MP320 Mt Pleasant, Harare, Zimbabwe
263 242 745411|librarian@aju.ac.zw